<?xml version="1.0" encoding="UTF-8"?><?xml-stylesheet type="text/xsl" href="static/style.xsl"?><OAI-PMH xmlns="http://www.openarchives.org/OAI/2.0/" xmlns:xsi="http://www.w3.org/2001/XMLSchema-instance" xsi:schemaLocation="http://www.openarchives.org/OAI/2.0/ http://www.openarchives.org/OAI/2.0/OAI-PMH.xsd"><responseDate>2026-06-03T03:38:40Z</responseDate><request verb="GetRecord" identifier="oai:riuma.uma.es:10630/29050" metadataPrefix="marc">https://riuma.uma.es/rest/oai/request</request><GetRecord><record><header><identifier>oai:riuma.uma.es:10630/29050</identifier><datestamp>2026-02-03T11:28:11Z</datestamp><setSpec>com_10630_2254</setSpec><setSpec>col_10630_37953</setSpec></header><metadata><record xmlns="http://www.loc.gov/MARC21/slim" xmlns:dcterms="http://purl.org/dc/terms/" xmlns:doc="http://www.lyncode.com/xoai" xmlns:xsi="http://www.w3.org/2001/XMLSchema-instance" xsi:schemaLocation="http://www.loc.gov/MARC21/slim http://www.loc.gov/standards/marcxml/schema/MARC21slim.xsd">
   <leader>00925njm 22002777a 4500</leader>
   <datafield ind2=" " ind1=" " tag="042">
      <subfield code="a">dc</subfield>
   </datafield>
   <datafield ind2=" " ind1=" " tag="720">
      <subfield code="a">Mena-Rodríguez, Esther</subfield>
      <subfield code="e">author</subfield>
   </datafield>
   <datafield ind2=" " ind1=" " tag="720">
      <subfield code="a">Fernández-Jiménez, Miguel Ángel</subfield>
      <subfield code="e">author</subfield>
   </datafield>
   <datafield ind2=" " ind1=" " tag="720">
      <subfield code="a">Gómez-Carrillo, Victoria del Rocío</subfield>
      <subfield code="e">author</subfield>
   </datafield>
   <datafield ind2=" " ind1=" " tag="720">
      <subfield code="a">Jiménez Perona, Mª Inmaculada</subfield>
      <subfield code="e">author</subfield>
   </datafield>
   <datafield ind2=" " ind1=" " tag="260">
      <subfield code="c">2022-10-03</subfield>
   </datafield>
   <datafield ind2=" " ind1=" " tag="520">
      <subfield code="a">language; therefore, language should be faithfully adjusted to reality to continue fulfilling its function: communication. The problem arises when society advances faster than language research. Currently, the feminine gender only designates women, while the masculine gender has a double use: specific, referring to men, and generic, to refer to both men and women. Consequently, we are usually unaware of whether the language we use is sexist or not and of how it can influence our way of constructing realities and thoughts. Accordingly, educational institutions play a key role in the transmission of values and, since&#xd;
the university context is a pivotal point in the professional and personal development of students, both the content and the language used by teachers must be developed with a non-sexist language. This study aims to investigate the attitudes and opinions of professors towards the use of non-sexist language during the development of the teaching and learning process. The methodology was eminently qualitative, using an in-depth semi-structured interview as a data collection instrument. Professors from different Schools of the University of Málaga (Universidad de Málaga – UMA), specifically from the fields of knowledge&#xd;
ranging from Engineering and Architecture to Social and Legal Sciences, have participated in this study. To complete the study, branches of knowledge were compared from a gender perspective. The results showed some predisposition towards the use of an egalitarian or non-sexist language although most professors systematically use the generic masculine, perhaps by tradition.</subfield>
   </datafield>
   <datafield ind1="8" ind2=" " tag="024">
      <subfield code="a">Mena Rodríguez, E., Fernández-Jiménez, M.- Ángel, Gómez-Carrillo, V.- del-R., &amp; Jiménez Perona, M. I. (2022). Análisis cualitativo del uso del lenguaje no sexista en la educación superior: el caso de la Universidad de Málaga desde la perspectiva del profesorado. PUBLICACIONES, 52(1), 183–208.</subfield>
   </datafield>
   <datafield ind1="8" ind2=" " tag="024">
      <subfield code="a">https://hdl.handle.net/10630/29050</subfield>
   </datafield>
   <datafield ind1="8" ind2=" " tag="024">
      <subfield code="a">10.30827/publicaciones.v52i1.18412</subfield>
   </datafield>
   <datafield tag="653" ind2=" " ind1=" ">
      <subfield code="a">Coeducación</subfield>
   </datafield>
   <datafield tag="653" ind2=" " ind1=" ">
      <subfield code="a">Sexismo en el lenguaje</subfield>
   </datafield>
   <datafield tag="653" ind2=" " ind1=" ">
      <subfield code="a">Profesores</subfield>
   </datafield>
   <datafield tag="653" ind2=" " ind1=" ">
      <subfield code="a">Enseñanza superior</subfield>
   </datafield>
   <datafield ind2="0" ind1="0" tag="245">
      <subfield code="a">Qualitative analysis of the use of non-sexist language in higher education: the case of the University of Málaga from the professor’s perspective.</subfield>
   </datafield>
</record>
</metadata></record></GetRecord></OAI-PMH>